<?xml version="1.0" encoding="UTF-8"?>
<record
    xmlns:xsi="http://www.w3.org/2001/XMLSchema-instance"
    xsi:schemaLocation="http://www.loc.gov/MARC21/slim http://www.loc.gov/standards/marcxml/schema/MARC21slim.xsd"
    xmlns="http://www.loc.gov/MARC21/slim">

  <leader>01751pab a2200169 454500</leader>
  <controlfield tag="008">180718b2007   xxu||||| |||| 00| 0 eng d</controlfield>
  <datafield tag="100" ind1=" " ind2=" ">
    <subfield code="a">Banerjee, Indranil</subfield>
  </datafield>
  <datafield tag="245" ind1=" " ind2=" ">
    <subfield code="a">Competency mapping for business excellency</subfield>
  </datafield>
  <datafield tag="260" ind1=" " ind2=" ">
    <subfield code="c">2007</subfield>
  </datafield>
  <datafield tag="300" ind1=" " ind2=" ">
    <subfield code="a">p.19-22.</subfield>
  </datafield>
  <datafield tag="362" ind1=" " ind2=" ">
    <subfield code="a">Jul-Sep</subfield>
  </datafield>
  <datafield tag="520" ind1=" " ind2=" ">
    <subfield code="a">The term `comptency' is used to clarify any underlying characteristic required for performing a given task, activity or role successfully. Competency may take the various core forms like Knowledge, Attitude, Skill and behavioural competency like Motives, Values, Self concept etc. Due to want of organised system, important Human Resource (HR) decisions like role suitability, deployment etc. often remain in the hand of few persons thus proving to be detrimental for long-term perspective of the organisation. Recently the HR practice making waves across the industry to overcome such limitation has been, Competency mapping. Competency mapping is the process of identification of the competencies required to perform successfully a given job or role or a set of tasks at a given point of time. It consists of breaking a given role or job into its constituent tasks or activities and identifying the competencies needed to perform the same successfully. Often the Competency assessment is misunderstood with Competency mapping-once one map down i.e.  Identified the job responsibilities and competency requirements, should go for assessing where the individuals of the organisation stands in terms of the competencies do required. The articles is an initiative for low cost application of the practice for the industries. - Reproduced.</subfield>
  </datafield>
  <datafield tag="650" ind1=" " ind2=" ">
    <subfield code="a">Enterprises</subfield>
  </datafield>
  <datafield tag="773" ind1=" " ind2=" ">
    <subfield code="a">Indian Journal of Training and Development</subfield>
  </datafield>
  <datafield tag="908" ind1=" " ind2=" ">
    <subfield code="a">N</subfield>
  </datafield>
  <datafield tag="909" ind1=" " ind2=" ">
    <subfield code="a">76476</subfield>
  </datafield>
  <datafield tag="999" ind1=" " ind2=" ">
    <subfield code="c">76476</subfield>
    <subfield code="d">76476</subfield>
  </datafield>
  <datafield tag="952" ind1=" " ind2=" ">
    <subfield code="0">0</subfield>
    <subfield code="1">0</subfield>
    <subfield code="4">0</subfield>
    <subfield code="7">0</subfield>
    <subfield code="a">IIPA</subfield>
    <subfield code="b">IIPA</subfield>
    <subfield code="d">2018-07-19</subfield>
    <subfield code="h">Volume no: 37, Issue no: 3</subfield>
    <subfield code="p">AR76936</subfield>
    <subfield code="r">2018-07-19</subfield>
    <subfield code="w">2018-07-19</subfield>
    <subfield code="y">AR</subfield>
  </datafield>
</record>
